QR Codes – Capital Cities - Statistics

General Stats
  • This quiz has been taken 6 times
  • The average score is 15 of 20
Answer Stats
Picture Answer % Correct
Brazzaville
100%
Cape Town
100%
Castries
100%
Copenhagen
100%
Kampala
100%
Quito
100%
Suva
100%
Wellington
100%
Cairo
83%
Rome
83%
Buenos Aires
67%
Managua
67%
Moscow
67%
Athens
50%
Havana
50%
Jakarta
50%
Ottawa
50%
Rabat
50%
Tehran
50%
Tokyo
50%
No matching quizzes found
Score Distribution
Percent of People with Each Score
Percentile by Number Answered
Your Score History
You have not taken this quiz